| Tag |
First Indicator |
Second Indicator |
Subfields |
| LEADER |
00000nmm a22000001a 4500 |
| 001 |
in00004625762 |
| 006 |
m|||||o||m|||||||| |
| 007 |
cr|cn |||uuuuu |
| 008 |
221118s2019 xxu||||eo|||| ||||||eng d |
| 005 |
20221207221305.1 |
| 035 |
|
|
|a (TxWaIVM)IV76446DaOh
|
| 040 |
|
|
|a TxWaIVM
|c TxWaIVM
|
| 245 |
0 |
0 |
|a Oh My Goddess! Volume 8 /
|c powered by Library Pass.
|
| 260 |
3 |
|
|a [United States] :
|b Dark Horse,
|c 2019.
|
| 300 |
|
|
|a 1 online resource.
|
| 336 |
|
|
|a text
|b txt
|2 rdacontent
|
| 337 |
|
|
|a computer
|b c
|2 rdamedia
|
| 338 |
|
|
|a online resource
|b cr
|2 rdacarrier
|
| 520 |
|
|
|a Ever since a cosmic phone call brought the literal young goddess Belldandy into college student Keiichi's residence, his personal life has been turned upside-down, sideways, and sometimes even into strange dimensions! It's a-haunting we will go . . . with the N.I.T. Motor Club, as Urd and Belldandy join them on vacation to a mysterious hotel haunted by the g-g-g-ghost of a lovely young maid who wants to hold Keiichi to a promise his grandfather made long ago! And between Sora's crappy cooking and Skuld's funny feelings, the summer is bound to stay hot! Plus four pages of color, twelve Mini-Goddess strips, a message from creator Kosuke Fujishima, and your fan art and letters! * Oh My Goddess! is the longest-running manga on the U.S. market.
|
| 521 |
|
|
|a 4
|
| 538 |
|
|
|a Requires a valid library card and registration for new users.
|
| 538 |
|
|
|a Mode of access: World Wide Web.
|
| 538 |
|
|
|a System requirements: Flash 10.1 or higher, Windows XP and higher, Internet Explorer 7 and higher, Firefox 3.6 and higher, Google Chrome; Max OS 10.5 and higher, Safari 4 and higher.
|
| 650 |
|
0 |
|a Fantasy comic books, strips, etc.
|
| 655 |
|
7 |
|a Electronic books.
|2 local
|
| 655 |
|
7 |
|a Fantasy comic books, strips, etc.
|2 gsafd
|
| 650 |
|
0 |
|a Comic books, strips, etc.
|
| 655 |
|
7 |
|a Comic books, strips, etc.
|2 gsafd
|
| 650 |
|
0 |
|a Movie & TV
|
| 655 |
|
7 |
|a Movie & TV
|2 gsafd
|
| 650 |
|
0 |
|a Comic books, strips, etc. --Mythology
|
| 655 |
|
7 |
|a Comic books, strips, etc. --Mythology
|2 gsafd
|
| 650 |
|
0 |
|a Romance comic books, strips, etc.
|
| 655 |
|
7 |
|a Romance comic books, strips, etc.
|2 gsafd
|
| 650 |
|
0 |
|a Shonen
|
| 655 |
|
7 |
|a Shonen
|2 gsafd
|
| 700 |
1 |
|
|a Fujishima, Kosuke.
|e writer.
|
| 700 |
1 |
|
|a Fujishima, Kosuke.
|e artist.
|
| 710 |
2 |
|
|a Library Pass, LLC.
|
| 856 |
4 |
0 |
|u http://proxy.library.tamu.edu/login?url=https://tamu.librarypass.com/product/com.iversecomics.dark.horse.oh.my.goddess.volume.8.english.02192019
|z Connect to this electronic book (First time users create your free account)
|t 0
|
| 955 |
|
|
|a Comics Plus.
|
| 999 |
f |
f |
|s 6b14e566-9dae-42cc-aa3a-0a01d7c35b35
|i b9a5ed35-075c-4205-8658-0e84b828d555
|t 0
|
| 952 |
f |
f |
|a Texas A&M University
|b College Station
|c Electronic Resources
|d Available Online
|t 0
|h Library of Congress classification
|
| 998 |
f |
f |
|t 0
|l Available Online
|